Score 0/42 Timer 08:00
0 Plays Today
Country % Correct
Ireland
84.8%
Germany
84%
Finland
77.4%
Iceland
75.9%
Denmark
69%
Austria
68.8%
Hungary
67.7%
Algeria
67.5%
Belgium
67.2%
Uruguay
65.1%
Jamaica
65.1%
Nigeria
64.8%
Vietnam
63.8%
Bolivia
63.5%
Albania
62.7%
Morocco
62.2%
Estonia
61.7%
Ecuador
60.6%
Belarus
59.8%
Croatia
59.3%
Ukraine
58.8%
Country % Correct
Andorra
58.3%
Romania
57%
Tunisia
56.7%
Armenia
56.4%
Georgia
55.6%
Lebanon
55.1%
Liberia
54.3%
Somalia
53%
Lesotho
52.8%
Namibia
52.5%
Vanuatu
52.2%
Senegal
51.2%
Bahamas
50.7%
Moldova
50.7%
Eritrea
49.6%
Bahrain
49.3%
Grenada
47.8%
Myanmar
42.8%
Comoros
41.7%
Burundi
41.2%
Vatican
34.1%

You're not logged in!

Compare scores with friends on all Sporcle quizzes.
OR
Log In

Sporcle TV

Today on Sporcle TV


Watch our educational content, quiz creation guides, and fun videos on Sporcle TV.

Show Comments

Extras

Top Quizzes Today


Score Distribution

Paid Content

Your Account Isn't Verified!

In order to create a playlist on Sporcle, you need to verify the email address you used during registration. Go to your Sporcle Settings to finish the process.

Report this User

Report this user for behavior that violates our Community Guidelines.

Details: